BUBT Library Online Catalog

Themes and Conventions of Elizabethan Tragedy/ (Record no. 6836)

000 -LEADER
fixed length control field 00662nam a22002057a 4500
003 - CONTROL NUMBER IDENTIFIER
control field BUBTL
008 - FIXED-LENGTH DATA ELEMENTS--GENERAL INFORMATION
fixed length control field 221127b ||||| |||| 00| 0 eng d
020 ## - INTERNATIONAL STANDARD BOOK NUMBER
International Standard Book Number 0521227704
082 ## - DEWEY DECIMAL CLASSIFICATION NUMBER
Classification number 822.309/ B7262t/ 1980
100 ## - MAIN ENTRY--PERSONAL NAME
9 (RLIN) 4985
Personal name Bradbrook, M.C.
245 ## - TITLE STATEMENT
Title Themes and Conventions of Elizabethan Tragedy/
Statement of responsibility, etc. M.C. Bradbrook
250 ## - EDITION STATEMENT
Edition statement 2nd Edn.
260 ## - PUBLICATION, DISTRIBUTION, ETC. (IMPRINT)
Place of publication, distribution, etc. Cambridge, USA:
Name of publisher, distributor, etc. Cambridge University Press,
Date of publication, distribution, etc. c1980
300 ## - PHYSICAL DESCRIPTION
Extent 270 p.:
Dimensions 27 cm.
505 ## - FORMATTED CONTENTS NOTE
Formatted contents note Themes and Conventions of Elizabethan Tragedy, M.C. Bradbrook, English
650 #0 - SUBJECT ADDED ENTRY--TOPICAL TERM
9 (RLIN) 1994
Topical term or geographic name as entry element English Literature
856 ## - ELECTRONIC LOCATION AND ACCESS
Password 0
Logon 0
Link text Download
942 ## - ADDED ENTRY ELEMENTS (KOHA)
Source of classification or shelving scheme
Koha item type Books
Holdings
Withdrawn status Lost status Source of classification or shelving scheme Damaged status Not for loan Collection code Permanent location Current location Shelving location Date acquired Source of acquisition Inventory number Total Checkouts Full call number Barcode Date last seen Copy number Price effective from Koha item type
        Not For Loan Non-fiction Bangladesh University of Business and Technology Library Bangladesh University of Business and Technology Library English Literature Stacks 11/03/2022 Purchase 28880   822.309/ B7262t/ 1980 BUBTL-200328880 11/27/2022 C-1 11/27/2022 Books

More Information About Library

Library Hours

  • Open: 9.00 am. to 9.00 pm.
  • Only Sunday: 9.00 am. to 6.00 pm.
  • Closed: Holiday

Contact to the University

Bangladesh University of Business and Technology Library

  • Mirpurl-2, 1216.
  • Phone:
  • Fax:
  • E-Mail: admin.library@bubt.edu.bd

Contact to the Library

Contact Person:

Md. Abdul Hakim Shah
Joint Librarian
PABX No:  113
Cell No: 01816332931
E-mail: official: admin.library@bubt.edu.bd
Personal: hakim.shah@bubt.edu.bd


BUBT Library

Copyright © 2021